000 00440nam a2200157 4500
001 127176
003 ES-MaACL
005 20230906192946.0
007 t|
008 070214s1978 sp r ||||1| spa d
100 1 _aReyes Heroles, Jesús.
_996585
245 1 0 _aMéxico
_b: historia y política /
_cJesús Reyes Heroles.
260 _aMadrid :
_bTecnos,
_c1978.
300 _aXVI, 320 p. ;
_c24 cm.
852 _aES-MaACL
_jA-9790
_bR.98536
999 _c127176
_d127176